[Event "Berlin Eckbauer op 12th"]
[Site "Berlin"]
[Date "2009.09.21"]
[Round "2.26"]
[White "Radloff, Rainer"]
[Black "Huth, Michael"]
[Result "1-0"]
[WhiteElo "1681"]
[BlackElo "1322"]
[PlyCount "53"]
[EventDate "2009.09.14"]
[EventType "swiss"]
[EventRounds "7"]
[EventCountry "GER"]
[SourceTitle "EXT 2022"]
[Source "ChessBase"]
[SourceDate "2021.10.06"]
[SourceVersion "1"]
[SourceVersionDate "2021.10.06"]
[SourceQuality "1"]

1. Nf3 d5 2. d4 Nf6 3. c4 c6 4. e3 Bg4 5. h3 Bh5 6. Nbd2 e6 7. Be2 Bd6 8. 0-0 Nbd7 9. b3 h6 10. Bb2 0-0 11. Ne5 Bxe2 12. Qxe2 Qc7 13. Ndf3 c5 14. Rac1 b6 15. Nxd7 Nxd7 16. Rfd1 Rfe8 17. cxd5 exd5 18. dxc5 bxc5 19. Rxd5 Qb6 20. Rcd1 Re6 21. Qd2 Nf6 22. Bxf6 Rxf6 23. Rxd6 Rxd6 24. Qxd6 Rc8 25. Ne5 f6 26. Nc4 Qxd6 27. Rxd6 1-0